Transfer pricing comparables : (Record no. 88817)
[ view plain ]
| 000 -LEADER | |
|---|---|
| fixed length control field | 00592nam a22001817a 4500 |
| 005 - DATE AND TIME OF LATEST TRANSACTION | |
| control field | 20140925131209.0 |
| 010 ## - LCCN (DPL NO) | |
| LC control number | ENG-110906 |
| 020 ## - INTERNATIONAL STANDARD BOOK NUMBER | |
| International Standard Book Number | 9789351431992 |
| Terms of availability | 1695.00 |
| 035 ## - SYSTEM CONTROL NUMBER | |
| System control number | EN-94438 |
| 037 ## - SOURCE OF ACQUISITION | |
| Source of stock number/acquisition | DBAD/PUB |
| 245 ## - TITLE STATEMENT | |
| Title | Transfer pricing comparables : |
| Remainder of title | insight into IT and ITeS / |
| Statement of responsibility, etc | forward by Parthasarathi Shome [and] B M Singh |
| 260 ## - PUBLICATION, DISTRIBUTION, ETC. (IMPRINT) | |
| Place of publication, distribution, etc | Gurgaon |
| Name of publisher, distributor, etc | Lexis Nexis |
| Date of publication, distribution, etc | 2014 |
| 270 ## - ADDRESS | |
| Address | 14th Floor, Building No.10, Tower-B, DLF Cyber City, Phase-II |
| City | Gurgaon |
| Postal code | 122002 |
| 300 ## - PHYSICAL DESCRIPTION | |
| Extent | xxx,1110p. |
| Dimensions | 24cm(Hb) |
| 700 ## - ADDED ENTRY--PERSONAL NAME | |
| Personal name | Shome, Parthasarathi |
| 700 ## - ADDED ENTRY--PERSONAL NAME | |
| Personal name | Singh, B M |
| 942 ## - ADDED ENTRY ELEMENTS (KOHA) | |
| Source of classification or shelving scheme | Dewey Decimal Classification |
| Item type | English Books |
| Call number suffix | TRA |
| Withdrawn status | Lost status | Not for loan | Collection code | Home library | Current library | Date acquired | Source of acquisition | Cost, normal purchase price | Full call number | Barcode | Copy number | Cost, replacement price | Koha item type |
|---|---|---|---|---|---|---|---|---|---|---|---|---|---|
| Not For Loan | Non-fiction | D.B.Act.Division | D.B.Act.Division | 19/09/2014 | DBAD/PUB | 1695.00 | TRA | EN-94438 | 1 | 1695.00 | English Books |
